000 00405pab a2200157 454500
008 180718b2008 xxu||||| |||| 00| 0 eng d
100 _aMadsen, Jakob B.
245 _aInnovations and manufacturing export performance in the OECD countries
260 _c2008
300 _ap.143-67.
362 _aJan
650 _aExports/Imports
773 _aOxford Economic Papers
908 _aN
909 _a78492
999 _c78492
_d78492